| 000 | 00000nam##2200000za#4500 |
| 001 | 9.570205 |
| 003 | CaOODSP |
| 005 | 20210624182130 |
| 007 | cr ||||||||||| |
| 008 | 150406|2008||||xxc|||||o f|0| 0 eng|d |
| 040 | |aCaOODSP|beng |
| 043 | |an-cn--- |
| 086 | 1 |aNH18-1-2/185-2008E-PDF |
| 110 | 2 |aCanada Mortgage and Housing Corporation. |
| 245 | 10|aSettling in : |h[electronic resource]|bnewcomers in the Canadian housing market, 2001-2005 / |c[by] Daniel Hiebert and Pablo Mendez. |
| 246 | 1 |iAdditional title (within publication) : |aS'établir au Canada : expérience des nouveaux arrivants sur le marché de l'habitation, 2001-2005 |
| 260 | |aOttawa - Ontario : |bCanada Mortgage and Housing Corporation |cJuly 2008 (main report), February 2009 (Research highlight). |
| 300 | |a81p.|breferences, tables |
| 490 | 1 |aResearch report |
| 500 | |aIncludes: Research highlight (Socio-economic series 09-002, February 2009) under the same title. Y compris : Le point en recherche (Série socio-économique 09-002, février 2009) sous le titre « S'établir au Canada : expérience des nouveaux arrivants sur le marché de l'habitation, 2001-2005 ». |
| 546 | |a(Le point en recherche en français.) |
| 590 | |a11-26-Supp|b2011-11-03 |
| 720 | 1 |aHiebert, Daniel |
| 720 | 1 |aMendez, Pablo |
| 830 | #0|aResearch report (Canada Mortgage and Housing Corporation : Online)|w(CaOODSP)9.506068 |
| 856 | 40|ahttp://publications.gc.ca|qPDF|s982 KB|uhttps://publications.gc.ca/collections/collection_2011/schl-cmhc/nh18-1-2/NH18-1-2-185-2008-eng.pdf |